Statistiques concernant Capitales antiques

Cliquez ici pour prendre le quiz!

Statistiques générales

  • Ce quiz a été pris 36 fois
  • Le résultat moyen est 6 sur 20

Statistiques - réponses

EmpiresRéponse% Correct
RomainRome
97%
Grèce (ligue de Delos)Athènes
78%
ByzantinConstantinople
78%
CarthaginoisCarthage
72%
Néo-BabylonienBabylone
63%
EgypteMemphis
50%
Achéménide (Perse)Persépolis
41%
Chine (dynastie Qin)Xi'an
25%
AkkadienAkkad
19%
MinoenCnossos
19%
AssyrienNinive
19%
SumérienSumer
19%
MacédoinePella
16%
HittitesHattusa
13%
NumidieCirta
6%
MèdesEcbatane
6%
Koush (Nubie)Méroé
6%
OlmèqueSan Lorenzo
6%
GhanaKoumbi Saleh
3%
MauryaPataliputra
3%

Distribution des résultats

Percentile par nombre de réponses

% des personnes avec chaque résultat

Votre développement - résultats

Vous n’avez pas pris ce quiz